000 00590nam a2200181 i 4500
001 100594
003 ES-MaACL
005 20230906182714.0
007 t|
008 050929s1942 xxk ||||1| eng d
245 0 0 _aMasters of political thought /
_ced. by Edward McChesney Sait.
_n1,
_pPlato to Macchiavelli / by Michael B. Foster.
250 _a[1ยช ed.].
260 _aLondon :
_bGeorge G. Harrap & Comp.,
_c1942.
300 _a294 p. ;
_c22 cm.
700 1 _aSait, Edward Mac Chesney.
_9101617
700 1 _aFoster, Michael Beresford.
_9168469
852 _aES-MaACL
_jP-917
_bR.29686
999 _c100594
_d100594